| 000 | 00762nam a2200229Ia 4500 | ||
|---|---|---|---|
| 001 | 9935 | ||
| 003 | GE_BSU | ||
| 008 | 181216s||||||||xx |||||||||||||| ||und|| | ||
| 040 | _cGE_BSU | ||
| 080 | _a087.5:669(479.22) | ||
| 100 | _aმუმლაძე,კარპე | ||
| 245 | _aქართველი მეტალურგები | ||
| 245 | _bრუსთავის | ||
| 245 | _cრედ.რ.ორჯონიკიძე.მხატვ.გ.ავსაჯანიშვილი | ||
| 260 | _aთბილისი | ||
| 260 | _bნაკადული | ||
| 260 | _c1962 | ||
| 300 | _a32გვ.19სმ. | ||
| 653 | _aრუსთავის | ||
| 653 | _aქართველი მეტალურგები | ||
| 942 | _cBK | ||
| 999 |
_c43210 _d43210 |
||